000 01087nam a2200229 i 4500
001 35691
003 ES-MaACL
005 20251007173452.0
007 t|
008 160802s1910 fr ||||1| fre d
100 1 _aHerbert, Claude-Jacques,
_d1700-1758
_9160280
245 1 0 _aEssai sur la police générale des grains, sur leurs prix et sur les effets de l'agriculture, 1755 /
_cCl.-J. Herbert. Et Supplément à l'Essai sur la police générale des grains / par J. G.. Montaudouin de la Touche, 1757 ; publiés avec introduction et table analytique par Edgard Depitre,...
260 _aParis :
_bG. Geuthner,
_c1910.
300 _aXLIII-VII, 166 p. :
_bfacsímiles ;
_c23 cm.
490 1 _aCollection des économistes et des réformateurs sociaux de la France
650 4 _aCereales-
_xComercio.
_9135751
700 1 _aMontaudouin de La Touche, Jean-Gabriel,
_d1722-1780
_9160281
700 0 _aDepitre, Edgar.
_943753
830 0 0 _aCollection des économistes et des réformateurs sociaux de la France
_9181595
852 _aES-MaACL
_jG-5161
999 _c35691
_d35691